| 000 | 00858nmm a2200289 a 4500 | ||
|---|---|---|---|
| 003 | AR-X00000XY | ||
| 005 | 20251128211909.0 | ||
| 008 | 027020s1995 ||||||||||||||000 | spa|| | ||
| 020 | _a958-9430-00-7 | ||
| 040 | _cAR-X00000XY | ||
| 245 | 1 | 0 | _aAntología del teatro experimental en Bogotá |
| 260 |
_aSantafé de Bogotá _bInstituto Distrital de Cultura y Turismo _c1995 |
||
| 300 | 0 | _av. | |
| 500 | 0 | _aDonación de la Embajada de Colombia en Buenos Aires | |
| 500 | 0 | _aLa biblioteca posee el vol. 1 | |
| 500 | 0 | _aIncluye información biográfica | |
| 650 | 4 | _aLITERATURA LATINOAMERICANA | |
| 650 | 4 | _aANTOLOGIAS | |
| 650 | 4 | _aTEATRO | |
| 651 | 4 | _aColombia | |
| 653 | 0 | _aTEATRO DE VANGUARDIA | |
| 653 | 0 | _aLITERATURA COLOMBIANA | |
| 655 | _aLITERATURA | ||
| 700 | 1 |
_aDuque Mesa, Fernando _ecompilador |
|
| 942 | _cBK | ||
| 998 | _cNancy | ||
| 999 |
_c21523 _d21523 |
||